000 00317nam a2200121Ia 4500
008 240731s9999 xx 000 0 und d
022 _a1470-1170
245 0 _aScandinavian Journal of Educational Research
260 _bRoutledge
856 _uhttps://www.tandfonline.com/loi/csje20
942 _2ddc
942 _cTFEJ
999 _c79315
_d79315
945 _a1
_bMadushi Gamage
_c1
_dMadushi Gamage